[Event "FRA-chT3 0405"]
[Site "France"]
[Date "2004.12.05"]
[Round "3.3"]
[White "Cadiou, Jacques"]
[Black "Nohaic, Yannick"]
[Result "1-0"]
[WhiteElo "2050"]
[BlackElo "1730"]
[PlyCount "55"]
[EventDate "2004.10.10"]
[EventType "team"]
[EventRounds "9"]
[EventCountry "FRA"]
[SourceTitle "EXT 2007"]
[Source "ChessBase"]
[SourceDate "2006.11.23"]
[SourceVersion "1"]
[SourceVersionDate "2006.11.23"]
[SourceQuality "1"]

1. Nf3 d5 2. d4 Nf6 3. c4 e6 4. Nc3 Nbd7 5. Bg5 c6 6. e3 Qa5 7. cxd5 Nxd5 8. Qd2 Bb4 9. Rc1 N7b6 10. e4 Ne7 11. Bd3 f6 12. Bf4 Ng6 13. Bc7 Bd7 14. a3 Bxc3 15. bxc3 Qxa3 16. e5 Qe7 17. Rb1 Nd5 18. Bd6 Qd8 19. Rxb7 Nb6 20. 0-0 Qc8 21. Ba6 Qd8 22. Ra1 Nc8 23. Bc5 Nge7 24. exf6 gxf6 25. Qh6 Ng6 26. Bd3 Kf7 27. Be4 a6 28. Bxc6 1-0